| 000 | 01001cam a22003377i 4500 | ||
|---|---|---|---|
| 942 | _cBK | ||
| 999 |
_c548 _d548 |
||
| 001 | 18675367 | ||
| 003 | OSt | ||
| 005 | 20250420134815.0 | ||
| 008 | 150626s2015 ne a 001 0 eng d | ||
| 010 | _a 2015301502 | ||
| 015 |
_aGBB401237 _2bnb |
||
| 016 | 7 |
_a016596012 _2Uk |
|
| 020 | _a9780123948120 | ||
| 035 | _a(OCoLC)ocn868077453 | ||
| 040 |
_aUKMGB _beng _erda _cKCST |
||
| 042 | _alccopycat | ||
| 050 | 0 | 0 |
_aTK5102.9 _b.C472 2015 |
| 082 | 0 | 4 |
_a621.3822 _223 _bCh Si |
| 100 | 1 |
_aChaparro, Luis F., _eauthor. _94890 |
|
| 245 | 1 | 0 |
_aSignals and systems using MATLAB / _cLuis Chaparro. |
| 250 | _a2nd edition. | ||
| 260 |
_aAmsterdam : _bElsevier, Academic Press, _c2015. |
||
| 300 |
_axxiii, 855 pages : _billustratons ; _c24 cm |
||
| 500 | _aPrevious edition: 2011. | ||
| 504 | _aIncludes bibliographical references and index. | ||
| 630 | 0 | 0 |
_aMATLAB. _94891 |
| 650 | 0 |
_aSignal processing _xDigital techniques. _91001 |
|
| 650 | 0 |
_aSystem analysis. _94892 |
|
| 942 | _2ddc | ||